000
00318nam a2200109Ia 4500
008
200302s9999 xx 000 0 und d
100
_a
Author
245
_a
Ortner & Ortner Bauten Fur Europaische Kultur Buldings for European Culture
260
_b
Birkhauser Publishers for Architecture
260
_c
2008
300
_a
240
999
_c
3597
_d
3597